| 000 | 00419nam a2200181Ia 4500 | ||
|---|---|---|---|
| 005 | 20250425161215.0 | ||
| 008 | 250425s9999 xx 000 0 und d | ||
| 020 | _a0470671882 | ||
| 041 | _aeng | ||
| 082 | _a615.902 | ||
| 245 | 0 | _aINDUSTRIAL HYGIENE AND TOXICOLOGY | |
| 250 | _aS.E. | ||
| 260 |
_aEstados Unidos _bINTERSCIENCE _c1963 |
||
| 260 | _aNEW YORK | ||
| 300 | _a2377 | ||
| 942 | _c01 | ||
| 010 | _a15086 | ||
| 999 |
_c204571 _d204571 |
||